Public Finance (Record no. 221645)

MARC details
000 -LEADER
fixed length control field 00644nam a22002297a 4500
005 - DATE AND TIME OF LATEST TRANSACTION
control field 20220226102711.0
008 - FIXED-LENGTH DATA ELEMENTS--GENERAL INFORMATION
fixed length control field 220226b ||||| |||| 00| 0 eng d
020 ## - INTERNATIONAL STANDARD BOOK NUMBER
International Standard Book Number 9789327294583
040 ## - CATALOGING SOURCE
Transcribing agency AL
041 ## - LANGUAGE CODE
Language code of text/sound track or separate title English
082 ## - DEWEY DECIMAL CLASSIFICATION NUMBER
Edition number 23
Classification number 336
Item number LEKP
100 ## - MAIN ENTRY--PERSONAL NAME
Personal name R K Lekhi and others
100 ## - MAIN ENTRY--PERSONAL NAME
9 (RLIN) 22113
245 ## - TITLE STATEMENT
Title Public Finance
250 ## - EDITION STATEMENT
Edition statement Rev.ed.15
260 ## - PUBLICATION, DISTRIBUTION, ETC.
Place of publication, distribution, etc. Ludhiana
Name of publisher, distributor, etc. Kalyani Publishers
Date of publication, distribution, etc. 2022
300 ## - PHYSICAL DESCRIPTION
Extent 993 p.
Other physical details PB
Dimensions 24x18 cm.
365 ## - TRADE PRICE
Price type code MLSH21CRB333
Price amount ₹476.00
Currency code
Unit of pricing ₹595.00
Price note 20%
Price effective from 20-02-2022
650 ## - SUBJECT ADDED ENTRY--TOPICAL TERM
Topical term or geographic name entry element Public Finance
9 (RLIN) 22114
700 ## - ADDED ENTRY--PERSONAL NAME
Personal name LEKHI (R K)
9 (RLIN) 22115
700 ## - ADDED ENTRY--PERSONAL NAME
Personal name SINGH (Joginder)
9 (RLIN) 22116
942 ## - ADDED ENTRY ELEMENTS (KOHA)
Source of classification or shelving scheme Dewey Decimal Classification
Koha item type Book
Holdings
Withdrawn status Lost status Source of classification or shelving scheme Damaged status Not for loan Collection code Home library Current library Date acquired Source of acquisition Cost, normal purchase price Total Checkouts Full call number Barcode Date last seen Date last checked out Cost, replacement price Price effective from Koha item type
    Dewey Decimal Classification     Economics St Aloysius Library St Aloysius Library 02/24/2022 Sapna Book House (P) Ltd 476.00 3 336 LEKP 075551 07/12/2022 07/05/2022 595.00 02/26/2022 Book